|
|
|
|
| LEADER |
02471nam a2200577 i 4500 |
| 001 |
nkc20223392184 |
| 003 |
CZ PrNK |
| 005 |
20220322093903.0 |
| 007 |
ta |
| 008 |
220119s2021 xr ab f 000 0 cze |
| 015 |
|
|
|a cnb003392184
|
| 020 |
|
|
|a 978-80-87643-15-0
|q (vázáno)
|
| 040 |
|
|
|a BOA001
|b cze
|e rda
|
| 041 |
1 |
|
|a cze
|a ger
|h cze
|
| 043 |
|
|
|a e-xr---
|b e-xr-mr
|a e-au---
|2 czenas
|
| 072 |
|
7 |
|a 58
|x Botanika
|2 Konspekt
|9 2
|
| 080 |
|
|
|a 582.35/.99
|2 MRF
|
| 080 |
|
|
|a 581.9
|2 MRF
|
| 080 |
|
|
|a (437.32-13)
|2 MRF
|
| 080 |
|
|
|a (436)
|2 MRF
|
| 080 |
|
|
|a (048.8:082)
|2 MRF
|
| 080 |
|
|
|a (084.3)58
|2 MRF
|
| 245 |
0 |
0 |
|a Rozšíření cévnatých rostlin národních parků Podyjí a Thayatal =
|b Verbreitung der Gefäßpflanzen in den Nationalparks Podyjí und Thayatal /
|c Radomír Němec (ed.) ; překlad: Překlady Cvrka s.r.o.
|
| 246 |
3 |
1 |
|a Verbreitung der Gefäßpflanzen in den Nationalparks Podyjí und Thayatal
|
| 264 |
|
1 |
|a Znojmo :
|b Správa Národního parku Podyjí,
|c 2021
|
| 300 |
|
|
|a 399 stran :
|b barevné ilustrace, mapy ;
|c 24 x 29 cm
|
| 336 |
|
|
|a text
|b txt
|2 rdacontent
|
| 336 |
|
|
|a statický obraz
|b sti
|2 rdacontent
|
| 337 |
|
|
|a bez média
|b n
|2 rdamedia
|
| 338 |
|
|
|a svazek
|b nc
|2 rdacarrier
|
| 500 |
|
|
|a Vydáno u příležitosti 30. výročí vzniku Národního parku Podyjí
|
| 500 |
|
|
|a Terminologický slovník
|
| 504 |
|
|
|a Obsahuje bibliografii a bibliografické odkazy
|
| 546 |
|
|
|a Souběžný německý text
|
| 650 |
0 |
7 |
|a cévnaté rostliny
|7 ph114278
|2 czenas
|
| 650 |
0 |
7 |
|a flóra
|7 ph114559
|z Česko
|2 czenas
|
| 650 |
0 |
7 |
|a flóra
|7 ph114559
|z Rakousko
|2 czenas
|
| 651 |
|
7 |
|a Národní park Podyjí (Česko)
|7 ge128532
|2 czenas
|
| 651 |
|
7 |
|a Národní park Thayatal (Rakousko)
|7 ge227302
|2 czenas
|
| 655 |
|
7 |
|a kolektivní monografie
|7 fd501537
|2 czenas
|
| 655 |
|
7 |
|a botanické mapy
|7 fd825252
|2 czenas
|
| 700 |
1 |
|
|a Němec, Radomír,
|d 1979-
|7 mzk2016934404
|4 edt
|
| 710 |
2 |
|
|a Cvrkal - překlady (firma)
|7 pna20221139040
|4 trl
|
| 730 |
0 |
|
|a Rozšíření cévnatých rostlin národních parků Podyjí a Thayatal
|
| 730 |
0 |
|
|a Rozšíření cévnatých rostlin národních parků Podyjí a Thayatal.
|l Německy
|
| 910 |
2 |
|
|a BOA001
|b 4-1482.149
|
| 990 |
|
|
|a BK
|
| 995 |
|
|
|a 60
|
| 991 |
|
|
|b 202203
|c NOV
|
| 996 |
6 |
|
|b 2610893131
|c 4-1482.149
|l MZK
|r Sklad / do 1 hodiny
|n 0
|p p.v.
|w 001877119
|u 000010
|a 1
|e BOA001
|j MZK50
|s P
|
| 996 |
7 |
|
|b 2610896247
|c 4-1482.149
|l MZK
|r Sklad / do 1 hodiny
|n 1
|p p.v.
|w 001877119
|u 000020
|a 1
|e BOA001
|j MZK50
|s A
|